[Event "European Online Club-ch-B 2021"]
[Site "Online"]
[Date "2021.03.27"]
[Round "8.10"]
[White "Baltag, Iulian"]
[Black "Engel, Luis"]
[Result "1/2-1/2"]
[WhiteElo "2393"]
[BlackElo "2553"]
[Annotator "ChessBase"]
[PlyCount "65"]
[EventDate "2021.03.27"]
[EventType "team-tourn"]
[EventCountry "NET"]
[SourceTitle "playchess.com"]
[Source "ChessBase"]
[SourceQuality "1"]
[TimeControl "900+5"]

1. d4 {[%emt 0:00:00]} Nf6 {[%emt 0:00:02]} 2. c4 {[%emt 0:00:10]} e6 {[%emt 0:00:02]} 3. Nc3 {[%emt 0:00:03]} Bb4 {[%emt 0:00:02]} 4. e3 {[%emt 0:00:01]} O-O {[%emt 0:00:07]} 5. Nge2 {[%emt 0:00:02]} c6 {[%emt 0:00:09]} 6. a3 {[%emt 0:00:04]} Ba5 {[%emt 0:00:01]} 7. b4 {[%emt 0:00:06]} Bc7 {[%emt 0:00:02]} 8. Ng3 {[%emt 0:00:08]} d5 {[%emt 0:00:02]} 9. Bb2 {[%emt 0:00:04]} Nbd7 {[%emt 0:00:23]} 10. Be2 {[%emt 0:00:04]} dxc4 {[%emt 0:00:22]} 11. Bxc4 {[%emt 0:00:06]} e5 {[%emt 0:00:19]} 12. dxe5 {[%emt 0:00:05]} Nxe5 {[%emt 0:00:05]} 13. Be2 {[%emt 0:00:02]} Be6 {[%emt 0:00:52]} 14. Nce4 {[%emt 0:00:17]} Nxe4 {[%emt 0:00:21]} 15. Nxe4 {[%emt 0:00:04]} Qh4 {[%emt 0:02:20]} 16. Nc5 {[%emt 0:02:19]} Rad8 {[%emt 0:00:23]} 17. Qc2 {[%emt 0:00:04]} b6 {[%emt 0:02:22]} 18. Nxe6 {[%emt 0:01:52]} fxe6 {[%emt 0:00:00]} 19. g3 {[%emt 0:00:04]} Qh3 {[%emt 0:00:08]} 20. Qe4 {[%emt 0:00:07]} Qf5 {[%emt 0:01:11]} 21. Qxf5 {[%emt 0:00:11]} Rxf5 {[%emt 0:00:41]} 22. Rc1 {[%emt 0:00:15]} c5 {[%emt 0:00:37]} 23. bxc5 {[%emt 0:00:57]} bxc5 {[%emt 0:00:04]} 24. Bxe5 {[%emt 0:00:14]} Rxe5 {[%emt 0:00:36]} 25. O-O {[%emt 0:00:11]} Kf7 {[%emt 0:00:59]} 26. Bc4 {[%emt 0:00:06]} Ke7 {[%emt 0:00:43]} 27. Rfd1 {[%emt 0:00:03]} Rxd1+ {[%emt 0:00:37]} 28. Rxd1 {[%emt 0:00:02]} Rf5 {[%emt 0:00:06]} 29. f4 {[%emt 0:00:11]} Rf8 {[%emt 0:00:25]} 30. Kf2 {[%emt 0:00:20]} g5 {[%emt 0:00:30]} 31. Ke2 {[%emt 0:00:02]} gxf4 {[%emt 0:00:09]} 32. exf4 {[%emt 0:00:12]} e5 {[%emt 0:00:17]} 33. Bb5 {[%emt 0:00:10]} 1/2-1/2

[Event "European Online Club-ch-B 2021"]
[Site "Online"]
[Date "2021.03.27"]
[Round "8.11"]
[White "Heinemann, Thies"]
[Black "Andriasyan, Siranush"]
[Result "1-0"]
[WhiteElo "2502"]
[BlackElo "2298"]
[Annotator "ChessBase"]
[PlyCount "153"]
[EventDate "2021.03.27"]
[EventType "team-tourn"]
[EventCountry "NET"]
[SourceTitle "playchess.com"]
[Source "ChessBase"]
[SourceQuality "1"]
[TimeControl "900+5"]

1. e4 {[%emt 0:00:00]} e5 {[%emt 0:00:03]} 2. Nf3 {[%emt 0:00:03]} Nc6 {[%emt 0:00:02]} 3. Bb5 {[%emt 0:00:02]} Nf6 {[%emt 0:00:03]} 4. Qe2 {[%emt 0:00:03]} Bc5 {[%emt 0:00:49]} 5. c3 {[%emt 0:00:04]} O-O {[%emt 0:00:57]} 6. d3 {[%emt 0:00:24]} d6 {[%emt 0:00:10]} 7. Nbd2 {[%emt 0:00:10]} Ne7 {[%emt 0:00:55]} 8. O-O {[%emt 0:01:25]} Ng6 {[%emt 0:00:26]} 9. d4 {[%emt 0:01:05]} Bb6 {[%emt 0:00:19]} 10. Rd1 {[%emt 0:01:21]} c6 {[%emt 0:00:28]} 11. Ba4 {[%emt 0:00:34]} Nf4 {[%emt 0:01:21]} 12. Qf1 {[%emt 0:00:11]} Qe7 {[%emt 0:01:31]} 13. Bc2 {[%emt 0:00:31]} Bg4 {[%emt 0:00:27]} 14. h3 {[%emt 0:00:44]} Bh5 {[%emt 0:00:32]} 15. g3 {[%emt 0:00:33]} Bxf3 {[%emt 0:01:06]} 16. Nxf3 {[%emt 0:00:09]} Ng6 {[%emt 0:00:05]} 17. dxe5 {[%emt 0:00:39]} dxe5 {[%emt 0:01:13]} 18. Qe2 {[%emt 0:00:11]} Rfd8 {[%emt 0:00:11]} 19. Be3 {[%emt 0:00:30]} Bxe3 {[%emt 0:00:24]} 20. Qxe3 {[%emt 0:00:03]} b6 {[%emt 0:00:06]} 21. Ba4 {[%emt 0:00:15]} Qe6 {[%emt 0:00:15]} 22. Kg2 {[%emt 0:01:02]} h6 {[%emt 0:00:08]} 23. Bb3 {[%emt 0:00:11]} Qe7 {[%emt 0:00:05]} 24. Qe2 {[%emt 0:00:53]} Rxd1 {[%emt 0:00:54]} 25. Rxd1 {[%emt 0:00:04]} Rd8 {[%emt 0:00:02]} 26. Rxd8+ {[%emt 0:01:05]} Qxd8 {[%emt 0:00:00]} 27. Qc4 {[%emt 0:00:06]} Qd7 {[%emt 0:00:07]} 28. a4 {[%emt 0:00:07]} b5 {[%emt 0:00:15]} 29. Qe2 {[%emt 0:00:46]} a6 {[%emt 0:01:08]} 30. Nd2 {[%emt 0:00:50]} c5 {[%emt 0:00:54]} 31. axb5 {[%emt 0:00:04]} axb5 {[%emt 0:00:00]} 32. Nf1 {[%emt 0:00:14]} c4 {[%emt 0:00:29]} 33. Bc2 {[%emt 0:00:07]} Qc6 {[%emt 0:00:10]} 34. Qf3 {[%emt 0:00:48]} Nf8 {[%emt 0:00:25]} 35. Ne3 {[%emt 0:00:10]} Ne6 {[%emt 0:00:05]} 36. Nd5 {[%emt 0:00:23]} Qd6 {[%emt 0:01:13]} 37. Nxf6+ {[%emt 0:00:19]} gxf6 {[%emt 0:00:00]} 38. Qe3 {[%emt 0:00:05]} Kg7 {[%emt 0:00:04]} 39. h4 {[%emt 0:00:04]} Qc5 {[%emt 0:00:17]} 40. Qe2 {[%emt 0:00:49]} b4 {[%emt 0:00:05]} 41. Ba4 {[%emt 0:00:24]} bxc3 {[%emt 0:00:19]} 42. bxc3 {[%emt 0:00:04]} Kh7 {[%emt 0:00:09]} 43. Be8 {[%emt 0:00:12]} Kg7 {[%emt 0:00:04]} 44. Qh5 {[%emt 0:00:10]} Qc7 {[%emt 0:00:10]} 45. Qg4+ {[%emt 0:00:33]} Kf8 {[%emt 0:00:02]} 46. Bb5 {[%emt 0:00:07]} Ke7 {[%emt 0:00:08]} 47. Qe2 {[%emt 0:00:05]} Qc5 {[%emt 0:00:09]} 48. Qxc4 {[%emt 0:00:04]} Qxc4 {[%emt 0:00:04]} 49. Bxc4 {[%emt 0:00:02]} Nc5 {[%emt 0:00:02]} 50. f3 {[%emt 0:00:04]} Na4 {[%emt 0:00:03]} 51. Kh3 {[%emt 0:00:01]} Nxc3 {[%emt 0:00:05]} 52. Kg4 {[%emt 0:00:03]} Kf8 {[%emt 0:00:02]} 53. Kh5 {[%emt 0:00:09]} Kg7 {[%emt 0:00:01]} 54. Kg4 {[%emt 0:00:16]} Nd1 {[%emt 0:00:02]} 55. Kh3 {[%emt 0:00:03]} Ne3 {[%emt 0:00:08]} 56. Bb3 {[%emt 0:00:02]} Nf1 {[%emt 0:00:03]} 57. Kg2 {[%emt 0:00:03]} Nd2 {[%emt 0:00:02]} 58. Ba2 {[%emt 0:00:02]} f5 {[%emt 0:00:20]} 59. exf5 {[%emt 0:00:11]} e4 {[%emt 0:00:05]} 60. fxe4 {[%emt 0:00:06]} Nxe4 {[%emt 0:00:00]} 61. Kf3 {[%emt 0:00:02]} Nc3 {[%emt 0:00:09]} 62. Bc4 {[%emt 0:00:07]} Na4 {[%emt 0:00:06]} 63. Kf4 {[%emt 0:00:04]} Nb6 {[%emt 0:00:04]} 64. Bb3 {[%emt 0:00:03]} Nd7 {[%emt 0:00:04]} 65. g4 {[%emt 0:00:04]} f6 {[%emt 0:00:05]} 66. Be6 {[%emt 0:00:06]} Nc5 {[%emt 0:00:05]} 67. Bc4 {[%emt 0:00:06]} Nd7 {[%emt 0:00:03]} 68. Bb5 {[%emt 0:00:02]} Nb6 {[%emt 0:00:07]} 69. Ke4 {[%emt 0:00:04]} Nc8 {[%emt 0:00:07]} 70. Kd5 {[%emt 0:00:03]} Ne7+ {[%emt 0:00:07]} 71. Ke6 {[%emt 0:00:03]} Ng8 {[%emt 0:00:09]} 72. Be8 {[%emt 0:00:09]} h5 {[%emt 0:00:07]} 73. Bxh5 {[%emt 0:00:03]} Nh6 {[%emt 0:00:01]} 74. g5 {[%emt 0:00:06]} Ng8 {[%emt 0:00:02]} 75. Bf7 {[%emt 0:00:02]} fxg5 {[%emt 0:00:06]} 76. hxg5 {[%emt 0:00:05]} Kh8 {[%emt 0:00:06]} 77. Bxg8 {[%emt 0:00:03]} 1-0

[Event "European Online Club-ch-B 2021"]
[Site "Online"]
[Date "2021.03.27"]
[Round "8.12"]
[White "Pillard, Valentin"]
[Black "Kramer, Julian"]
[Result "0-1"]
[WhiteElo "2103"]
[BlackElo "2419"]
[Annotator "NA"]
[PlyCount "96"]
[EventDate "2021.03.27"]
[EventType "team-tourn"]
[EventCountry "NET"]
[SourceTitle "playchess.com"]
[Source "ChessBase"]
[SourceQuality "1"]
[TimeControl "900+5"]

1. e4 {[%emt 0:00:00]} c5 {[%emt 0:00:07]} 2. Nf3 {[%emt 0:00:03]} d6 {[%emt 0:00:02]} 3. d4 {[%emt 0:00:00]} cxd4 {[%emt 0:00:00]} 4. Qxd4 {[%emt 0:00:02]} Nc6 {[%emt 0:00:02]} 5. Bb5 {[%emt 0:00:02]} a6 {[%emt 0:00:01]} 6. Bxc6+ {[%emt 0:00:17]} bxc6 {[%emt 0:00:00]} 7. c4 {[%emt 0:00:54]} e5 {[%emt 0:00:04]} 8. Qd3 {[%emt 0:00:07]} Ne7 {[%emt 0:00:04]} 9. O-O {[%emt 0:00:22]} Ng6 {[%emt 0:00:04]} 10. Nc3 {[%emt 0:02:12]} Be7 {[%emt 0:00:34]} 11. Rd1 {[%emt 0:01:32]} O-O {[%emt 0:01:12]} 12. b3 {[%emt 0:00:03]} f5 {[%emt 0:01:36]} 13. Ba3 {[%emt 0:00:03]} Qa5 {[%emt 0:01:08]} 14. Bxd6 {[%emt 0:00:21]} Bxd6 {[%emt 0:00:49]} 15. Qxd6 {[%emt 0:00:31]} Qxc3 {[%emt 0:00:05]} 16. Qxc6 {[%emt 0:02:03]} Ra7 {[%emt 0:00:30]} 17. Ng5 {[%emt 0:00:30]} fxe4 {[%emt 0:01:09]} 18. Nxe4 {[%emt 0:02:47]} Qb2 {[%emt 0:00:05]} 19. Qd5+ {[%emt 0:01:22]} Kh8 {[%emt 0:00:21]} 20. Qc5 {[%emt 0:00:01]} Raf7 {[%emt 0:01:24]} 21. Rab1 {[%emt 0:01:26]} Qxa2 {[%emt 0:00:19]} 22. Ra1 {[%emt 0:00:02]} Qc2 {[%emt 0:00:14]} 23. f3 {[%emt 0:00:53]} Re7 {[%emt 0:02:21]} 24. Rd6 {[%emt 0:00:22]} Ree8 {[%emt 0:01:00]} 25. Qb6 {[%emt 0:00:27]} Qb2 {[%emt 0:00:44]} 26. Rad1 {[%emt 0:00:15]} Bf5 {[%emt 0:00:30]} 27. R6d2 {[%emt 0:00:04]} Qa3 {[%emt 0:00:02]} 28. Nd6 {[%emt 0:00:02]} Rb8 {[%emt 0:00:11]} 29. Qc7 {[%emt 0:00:07]} Be6 {[%emt 0:00:09]} 30. Ne4 {[%emt 0:00:30]} Qxb3 {[%emt 0:00:27]} 31. c5 {[%emt 0:00:02]} Qb7 {[%emt 0:00:12]} 32. Qd6 {[%emt 0:00:04]} Bb3 {[%emt 0:00:10]} 33. Rb1 {[%emt 0:00:04]} a5 {[%emt 0:00:16]} 34. c6 {[%emt 0:00:07]} Qb6+ {[%emt 0:00:04]} 35. Kh1 {[%emt 0:00:11]} Rbd8 {[%emt 0:00:11]} 36. Qa3 {[%emt 0:00:05]} a4 {[%emt 0:00:10]} 37. Rxd8 {[%emt 0:00:04]} Rxd8 {[%emt 0:00:04]} 38. Qc1 {[%emt 0:00:04]} Rc8 {[%emt 0:00:09]} 39. Qg5 {[%emt 0:00:08]} Qxc6 {[%emt 0:00:06]} 40. h4 {[%emt 0:00:01]} h6 {[%emt 0:00:16]} 41. Qg4 {[%emt 0:00:05]} Bd5 {[%emt 0:00:12]} 42. Ng3 {[%emt 0:00:08]} Qe6 {[%emt 0:00:08]} 43. Nf5 {[%emt 0:00:06]} Rf8 {[%emt 0:00:06]} 44. h5 {[%emt 0:00:01]} Qxf5 {[%emt 0:00:04]} 45. Qxf5 {[%emt 0:00:08]} Rxf5 {[%emt 0:00:00]} 46. hxg6 {[%emt 0:00:01]} a3 {[%emt 0:00:04]} 47. Rb5 {[%emt 0:00:09]} Bg8 {[%emt 0:00:04]} 48. Ra5 {[%emt 0:00:01]} a2 {[%emt 0:00:02]} 0-1

[Event "European Online Club-ch-B 2021"]
[Site "Online"]
[Date "2021.03.27"]
[Round "8.13"]
[White "Edouard, Romain"]
[Black "Efimov, Igor"]
[Result "1-0"]
[WhiteElo "2614"]
[BlackElo "2416"]
[Annotator "ChessBase"]
[PlyCount "103"]
[EventDate "2021.03.27"]
[EventType "team-tourn"]
[EventCountry "NET"]
[SourceTitle "playchess.com"]
[Source "ChessBase"]
[SourceQuality "1"]
[TimeControl "900+5"]

1. d4 {[%emt 0:00:00]} e6 {[%emt 0:00:07]} 2. c4 {[%emt 0:00:03]} c5 {[%emt 0:00:01]} 3. d5 {[%emt 0:00:01]} exd5 {[%emt 0:00:01]} 4. cxd5 {[%emt 0:00:00]} d6 {[%emt 0:00:02]} 5. Nc3 {[%emt 0:00:01]} g6 {[%emt 0:00:01]} 6. e4 {[%emt 0:00:01]} Bg7 {[%emt 0:00:01]} 7. f4 {[%emt 0:00:02]} Ne7 {[%emt 0:00:07]} 8. Nf3 {[%emt 0:00:02]} O-O {[%emt 0:00:02]} 9. Bc4 {[%emt 0:00:07]} Bg4 {[%emt 0:00:02]} 10. O-O {[%emt 0:00:03]} Nd7 {[%emt 0:00:03]} 11. h3 {[%emt 0:00:02]} Bxf3 {[%emt 0:00:03]} 12. Qxf3 {[%emt 0:00:00]} Nb6 {[%emt 0:00:25]} 13. b3 {[%emt 0:00:04]} f5 {[%emt 0:00:13]} 14. Bd2 {[%emt 0:00:06]} fxe4 {[%emt 0:00:04]} 15. Qxe4 {[%emt 0:00:00]} Nf5 {[%emt 0:00:03]} 16. Kh2 {[%emt 0:00:09]} Re8 {[%emt 0:00:05]} 17. Qd3 {[%emt 0:00:05]} Nxc4 {[%emt 0:00:04]} 18. bxc4 {[%emt 0:00:02]} Qf6 {[%emt 0:00:20]} 19. Nb5 {[%emt 0:00:12]} Qd8 {[%emt 0:02:20]} 20. Rae1 {[%emt 0:00:05]} Rxe1 {[%emt 0:00:11]} 21. Rxe1 {[%emt 0:00:03]} a6 {[%emt 0:00:02]} 22. Nc3 {[%emt 0:00:01]} Qd7 {[%emt 0:00:10]} 23. Ne4 {[%emt 0:00:12]} b5 {[%emt 0:00:15]} 24. Ng5 {[%emt 0:00:26]} b4 {[%emt 0:00:07]} 25. Ne6 {[%emt 0:00:27]} a5 {[%emt 0:00:07]} 26. g4 {[%emt 0:00:07]} Nd4 {[%emt 0:00:04]} 27. Nxg7 {[%emt 0:00:01]} Qxg7 {[%emt 0:00:09]} 28. f5 {[%emt 0:00:59]} Rf8 {[%emt 0:01:29]} 29. Bf4 {[%emt 0:00:21]} Qf6 {[%emt 0:00:21]} 30. Qg3 {[%emt 0:00:21]} gxf5 {[%emt 0:03:45]} 31. gxf5+ {[%emt 0:00:00]} Kf7 {[%emt 0:00:03]} 32. Kh1 {[%emt 0:03:43]} Rg8 {[%emt 0:00:44]} 33. Qe3 {[%emt 0:00:22]} Nxf5 {[%emt 0:00:06]} 34. Qe2 {[%emt 0:00:16]} Nd4 {[%emt 0:00:53]} 35. Qe4 {[%emt 0:00:14]} Qh4 {[%emt 0:00:16]} 36. Bxd6 {[%emt 0:00:42]} Qxe4+ {[%emt 0:00:05]} 37. Rxe4 {[%emt 0:00:00]} Nf5 {[%emt 0:00:28]} 38. Bc7 {[%emt 0:00:21]} Ng3+ {[%emt 0:00:11]} 39. Bxg3 {[%emt 0:00:03]} Rxg3 {[%emt 0:00:02]} 40. Rh4 {[%emt 0:00:37]} a4 {[%emt 0:00:25]} 41. Rxh7+ {[%emt 0:00:07]} Kf6 {[%emt 0:00:01]} 42. d6 {[%emt 0:00:40]} a3 {[%emt 0:00:27]} 43. Rc7 {[%emt 0:00:27]} Rxh3+ {[%emt 0:00:18]} 44. Kg2 {[%emt 0:00:04]} Rh5 {[%emt 0:02:21]} 45. Kf3 {[%emt 0:00:23]} Ke6 {[%emt 0:00:06]} 46. d7 {[%emt 0:00:04]} Ke7 {[%emt 0:00:03]} 47. Ke4 {[%emt 0:00:05]} Kd8 {[%emt 0:00:02]} 48. Ra7 {[%emt 0:00:08]} Rh2 {[%emt 0:00:58]} 49. Kd5 {[%emt 0:00:05]} Rxa2 {[%emt 0:00:11]} 50. Kxc5 {[%emt 0:00:33]} b3 {[%emt 0:00:03]} 51. Kc6 {[%emt 0:00:02]} Ke7 {[%emt 0:00:37]} 52. c5 {[%emt 0:00:20]} 1-0

[Event "European Online Club-ch-B 2021"]
[Site "Online"]
[Date "2021.03.27"]
[Round "8.14"]
[White "Bagheri, Amir"]
[Black "Fontaine, Robert"]
[Result "0-1"]
[WhiteElo "2348"]
[BlackElo "2550"]
[Annotator "ChessBase"]
[PlyCount "82"]
[EventDate "2021.03.27"]
[EventType "team-tourn"]
[EventCountry "NET"]
[SourceTitle "playchess.com"]
[Source "ChessBase"]
[SourceQuality "1"]
[TimeControl "900+5"]

1. d4 {[%emt 0:00:00]} Nf6 {[%emt 0:00:04]} 2. Nf3 {[%emt 0:00:03]} g6 {[%emt 0:00:03]} 3. Bg5 {[%emt 0:00:03]} Bg7 {[%emt 0:00:01]} 4. Nbd2 {[%emt 0:00:02]} d5 {[%emt 0:00:05]} 5. e3 {[%emt 0:00:03]} O-O {[%emt 0:00:02]} 6. Be2 {[%emt 0:00:03]} c6 {[%emt 0:00:11]} 7. O-O {[%emt 0:00:09]} Qb6 {[%emt 0:00:03]} 8. Nb3 {[%emt 0:00:51]} a5 {[%emt 0:00:09]} 9. a4 {[%emt 0:00:32]} Nbd7 {[%emt 0:00:09]} 10. c4 {[%emt 0:00:25]} Re8 {[%emt 0:00:22]} 11. Qc2 {[%emt 0:00:53]} e5 {[%emt 0:00:29]} 12. Rfd1 {[%emt 0:01:18]} exd4 {[%emt 0:00:15]} 13. Nbxd4 {[%emt 0:01:18]} Nc5 {[%emt 0:00:28]} 14. Rac1 {[%emt 0:00:31]} Nce4 {[%emt 0:00:20]} 15. Bxf6 {[%emt 0:00:47]} Nxf6 {[%emt 0:00:16]} 16. h3 {[%emt 0:00:17]} Bd7 {[%emt 0:00:22]} 17. Qb3 {[%emt 0:00:14]} Qxb3 {[%emt 0:01:56]} 18. Nxb3 {[%emt 0:00:04]} Ne4 {[%emt 0:00:02]} 19. Nbd4 {[%emt 0:01:57]} c5 {[%emt 0:00:14]} 20. Nb5 {[%emt 0:00:04]} Bxb5 {[%emt 0:00:02]} 21. cxb5 {[%emt 0:00:06]} Bxb2 {[%emt 0:00:06]} 22. Rc2 {[%emt 0:00:06]} Bg7 {[%emt 0:00:22]} 23. Rxd5 {[%emt 0:00:05]} b6 {[%emt 0:00:26]} 24. Bc4 {[%emt 0:00:23]} Rad8 {[%emt 0:00:07]} 25. Nd2 {[%emt 0:01:08]} Nc3 {[%emt 0:00:28]} 26. Rxd8 {[%emt 0:00:13]} Rxd8 {[%emt 0:00:02]} 27. Bb3 {[%emt 0:00:17]} Kf8 {[%emt 0:01:46]} 28. Kf1 {[%emt 0:00:07]} Ke7 {[%emt 0:00:08]} 29. Ke1 {[%emt 0:00:06]} f5 {[%emt 0:00:08]} 30. Rc1 {[%emt 0:00:16]} Kd6 {[%emt 0:02:12]} 31. Nb1 {[%emt 0:00:22]} c4 {[%emt 0:00:52]} 32. Bxc4 {[%emt 0:00:51]} Nxa4 {[%emt 0:00:03]} 33. Rd1+ {[%emt 0:00:02]} Ke7 {[%emt 0:00:01]} 34. Rxd8 {[%emt 0:00:02]} Kxd8 {[%emt 0:00:01]} 35. Bg8 {[%emt 0:00:07]} Ke7 {[%emt 0:00:08]} 36. Kd2 {[%emt 0:00:53]} h6 {[%emt 0:00:16]} 37. Na3 {[%emt 0:00:10]} Be5 {[%emt 0:01:06]} 38. h4 {[%emt 0:00:27]} Nc5 {[%emt 0:00:30]} 39. Nc4 {[%emt 0:00:26]} Ne4+ {[%emt 0:00:03]} 40. Kc2 {[%emt 0:00:09]} Bc7 {[%emt 0:00:03]} 41. f3 {[%emt 0:00:08]} Nf6 {[%emt 0:00:03]} 0-1

[Event "European Online Club-ch-B 2021"]
[Site "Online"]
[Date "2021.03.27"]
[Round "8.15"]
[White "Sokolov, Andrei"]
[Black "Villegas, Pierre"]
[Result "1-0"]
[WhiteElo "2516"]
[BlackElo "2367"]
[Annotator "ChessBase"]
[PlyCount "77"]
[EventDate "2021.03.27"]
[EventType "team-tourn"]
[EventCountry "NET"]
[SourceTitle "playchess.com"]
[Source "ChessBase"]
[SourceQuality "1"]
[TimeControl "900+5"]

1. e4 {[%emt 0:00:00]} c6 {[%emt 0:00:03]} 2. Nc3 {[%emt 0:00:05]} d5 {[%emt 0:00:04]} 3. Nf3 {[%emt 0:00:03]} dxe4 {[%emt 0:00:15]} 4. Nxe4 {[%emt 0:00:02]} Nf6 {[%emt 0:00:02]} 5. Nxf6+ {[%emt 0:00:35]} exf6 {[%emt 0:00:04]} 6. Bc4 {[%emt 0:00:38]} Bd6 {[%emt 0:00:11]} 7. Qe2+ {[%emt 0:00:08]} Be7 {[%emt 0:00:03]} 8. d4 {[%emt 0:00:55]} O-O {[%emt 0:00:06]} 9. Be3 {[%emt 0:00:42]} Bd6 {[%emt 0:00:45]} 10. O-O-O {[%emt 0:00:09]} b5 {[%emt 0:00:12]} 11. Bb3 {[%emt 0:00:20]} a5 {[%emt 0:00:30]} 12. c3 {[%emt 0:01:00]} a4 {[%emt 0:00:38]} 13. Bc2 {[%emt 0:00:02]} b4 {[%emt 0:01:50]} 14. cxb4 {[%emt 0:00:19]} a3 {[%emt 0:00:04]} 15. b3 {[%emt 0:00:49]} Na6 {[%emt 0:00:38]} 16. Bd2 {[%emt 0:01:39]} Bxb4 {[%emt 0:01:05]} 17. Rhe1 {[%emt 0:01:40]} Qd6 {[%emt 0:01:10]} 18. Bd3 {[%emt 0:02:23]} Bxd2+ {[%emt 0:00:38]} 19. Rxd2 {[%emt 0:00:45]} Nb4 {[%emt 0:00:11]} 20. Bc4 {[%emt 0:00:06]} Bg4 {[%emt 0:04:20]} 21. h3 {[%emt 0:00:19]} Bh5 {[%emt 0:00:23]} 22. g4 {[%emt 0:00:52]} Bg6 {[%emt 0:00:03]} 23. Nh4 {[%emt 0:01:25]} Rab8 {[%emt 0:02:02]} 24. Nxg6 {[%emt 0:00:51]} hxg6 {[%emt 0:00:03]} 25. Qe4 {[%emt 0:00:14]} Nd5 {[%emt 0:00:34]} 26. Bxd5 {[%emt 0:00:27]} cxd5 {[%emt 0:00:02]} 27. Qd3 {[%emt 0:00:26]} Rfc8+ {[%emt 0:00:05]} 28. Kd1 {[%emt 0:00:09]} Qb4 {[%emt 0:00:28]} 29. Re3 {[%emt 0:00:04]} Rb7 {[%emt 0:00:35]} 30. Ke2 {[%emt 0:00:04]} Rbc7 {[%emt 0:00:03]} 31. Kf1 {[%emt 0:00:07]} Rc1+ {[%emt 0:00:12]} 32. Kg2 {[%emt 0:00:03]} Ra1 {[%emt 0:00:05]} 33. Qe2 {[%emt 0:00:07]} Rcc1 {[%emt 0:00:06]} 34. Rc2 {[%emt 0:00:11]} Rxc2 {[%emt 0:00:10]} 35. Qxc2 {[%emt 0:00:03]} Qxd4 {[%emt 0:00:03]} 36. Re8+ {[%emt 0:00:07]} Kh7 {[%emt 0:00:01]} 37. Qc8 {[%emt 0:00:02]} g5 {[%emt 0:00:01]} 38. Rh8+ {[%emt 0:00:03]} Kg6 {[%emt 0:00:02]} 39. Qf5# {[%emt 0:00:02]} 1-0

[Event "European Online Club-ch-B 2021"]
[Site "Online"]
[Date "2021.03.27"]
[Round "8.16"]
[White "Meylan, Andre"]
[Black "Riff, Jean-Noel"]
[Result "0-1"]
[WhiteElo "2205"]
[BlackElo "2499"]
[Annotator "ChessBase"]
[PlyCount "58"]
[EventDate "2021.03.27"]
[EventType "team-tourn"]
[EventCountry "NET"]
[SourceTitle "playchess.com"]
[Source "ChessBase"]
[SourceQuality "1"]
[TimeControl "900+5"]

1. e4 {[%emt 0:00:00]} c5 {[%emt 0:00:02]} 2. Nf3 {[%emt 0:00:03]} d6 {[%emt 0:00:02]} 3. d4 {[%emt 0:00:02]} cxd4 {[%emt 0:00:01]} 4. Nxd4 {[%emt 0:00:00]} Nf6 {[%emt 0:00:01]} 5. Nc3 {[%emt 0:00:01]} e6 {[%emt 0:00:01]} 6. Be2 {[%emt 0:00:08]} Be7 {[%emt 0:00:02]} 7. O-O {[%emt 0:00:08]} O-O {[%emt 0:00:03]} 8. Be3 {[%emt 0:00:06]} Nc6 {[%emt 0:00:01]} 9. f4 {[%emt 0:00:10]} e5 {[%emt 0:00:02]} 10. Nxc6 {[%emt 0:00:09]} bxc6 {[%emt 0:00:04]} 11. Kh1 {[%emt 0:00:04]} exf4 {[%emt 0:00:07]} 12. Bxf4 {[%emt 0:00:00]} Be6 {[%emt 0:00:01]} 13. Qd3 {[%emt 0:00:08]} Qb8 {[%emt 0:00:03]} 14. Qg3 {[%emt 0:00:11]} Kh8 {[%emt 0:00:06]} 15. Rad1 {[%emt 0:01:07]} Qxb2 {[%emt 0:00:09]} 16. Rb1 {[%emt 0:02:53]} Qa3 {[%emt 0:00:34]} 17. Rb7 {[%emt 0:01:29]} d5 {[%emt 0:00:03]} 18. exd5 {[%emt 0:01:12]} cxd5 {[%emt 0:00:33]} 19. Be5 {[%emt 0:02:19]} Ne8 {[%emt 0:01:10]} 20. Bd3 {[%emt 0:02:56]} Bf6 {[%emt 0:01:25]} 21. Nb5 {[%emt 0:01:36]} Qa4 {[%emt 0:01:34]} 22. h3 {[%emt 0:01:38]} Qh4 {[%emt 0:00:30]} 23. Qxh4 {[%emt 0:00:26]} Bxh4 {[%emt 0:00:02]} 24. Nd4 {[%emt 0:00:01]} Bf6 {[%emt 0:00:19]} 25. Nxe6 {[%emt 0:00:12]} fxe6 {[%emt 0:00:01]} 26. Bg3 {[%emt 0:00:05]} e5 {[%emt 0:00:13]} 27. Bb5 {[%emt 0:00:03]} Nd6 {[%emt 0:00:02]} 28. Bc6 {[%emt 0:00:07]} Nxb7 {[%emt 0:00:02]} 29. Bxb7 {[%emt 0:00:00]} Rad8 {[%emt 0:00:02]} 0-1